Changements de capitales dans l'Histoire - Statistiques

Statistiques générales
  • Ce quiz a été pris 23 297 fois
  • Le résultat moyen est 10 sur 20
Statistiques - réponses
Réponse % Correct
Moscou
95%
Edo (Tokyo)
93%
Istanbul
86%
Rio de Janeiro
85%
Rabat
70%
Berlin
61%
Pékin
51%
Abidjan
45%
Auckland
43%
Abuja
42%
Rome
40%
Colombo
39%
Philadelphie
34%
Astana (Noursoultan)
32%
Stockholm
31%
Dar es Salam
24%
Kaboul
23%
Rangoun (Yangon)
23%
Belize City
18%
Copenhague
17%
Aucun quiz correspondant
Distribution des résultats
% des personnes avec chaque résultat
Percentile par nombre de réponses
Votre historique - résultats
Vous n’avez pas pris ce quiz